| 000 | 00705cam a2200205 a 4500 | ||
|---|---|---|---|
| 001 | 15920049 | ||
| 005 | 20241031094543.0 | ||
| 008 | 090924s2010 nyua b 001 0 eng | ||
| 020 | _a9780521519007 (hardback) | ||
| 050 | 0 | 0 |
_aQ342 _b.P66 2010 |
| 082 | 0 | 0 |
_a006.3 _222 |
| 100 | 1 |
_aPoole, David L. _q(David Lynton), _d1958- |
|
| 245 | 1 | 0 |
_aArtificial intelligence : _bfoundations of computational agents / _cDavid L. Poole, Alan K. Mackworth. |
| 260 |
_aNew York : _bCambridge University Press, _c2010. |
||
| 300 |
_axvii, 662 p. : _bill. ; _c26 cm. |
||
| 650 | 0 |
_aComputational intelligence _vTextbooks. |
|
| 650 | 0 |
_aArtificial intelligence _vTextbooks. |
|
| 700 | 1 | _aMackworth, Alan K. | |
| 942 |
_2lcc _cBK _n0 |
||
| 999 |
_c431 _d431 |
||